Potenciál "temného turizmu" na Slovensku diplomová práca

Na minha lista:
Detalhes bibliográficos
Autor principal: Nahácka, Lucia
Autor Corporativo: Obchodná fakulta EU. Katedra služieb a cestovného ruchu - zrušené
Outros Autores: Fodranová, Iveta, 1959-
Formato: Livro
Idioma:eslovaco
Publicado em: Bratislava 2018
Tags: Adicionar Tag
Sem tags, seja o primeiro a adicionar uma tag!

MARC

LEADER 00000nbm a2200000 4500
001 0243250
005 20180904143254.5
041 0 |a slo 
044 |a SK 
245 1 0 |a Potenciál "temného turizmu" na Slovensku  |b diplomová práca  |c Lucia Nahácka ; školiteľ: Iveta Fodranová 
264 1 |a Bratislava  |c 2018 
300 |a 64 s. 
100 1 |a Nahácka, Lucia 
700 1 |a Fodranová, Iveta, 1959- 
710 2 |a Obchodná fakulta EU. Katedra služieb a cestovného ruchu - zrušené